Podnikatel a účetnictví.
Charakteristika pojmu jednoduché účtovníctvo. Majetok a kapitál. Poradie účtovníckych prác. Inventár, zásoby. Pohľadávky, peniaze a záväzky.
Gespeichert in:
| Format: | Buchkapitel |
|---|---|
| Sprache: | Tschechisch |
| Schlagworte: | |
| Tags: |
Keine Tags, Fügen Sie das erste Tag hinzu!
|
MARC
| LEADER | 00000naa a2200000 4500 | ||
|---|---|---|---|
| 001 | r002574 | ||
| 005 | 20220819175631.3 | ||
| 041 | 0 | |a cze | |
| 044 | |a [CS] | ||
| 245 | 1 | 0 | |a Podnikatel a účetnictví. |
| 520 | |a Charakteristika pojmu jednoduché účtovníctvo. Majetok a kapitál. Poradie účtovníckych prác. Inventár, zásoby. Pohľadávky, peniaze a záväzky. | ||
| 610 | 2 | 0 | |a účtovníctvo jednoduché |
| 610 | 2 | 0 | |a podnikanie |
| 610 | 2 | 0 | |a inventarizácia |
| 610 | 2 | 0 | |a zásoby |
| 610 | 2 | 0 | |a kapitál |